Une lettre suffit pour répondre juste #55 (attention 10 lettres tuent) - Statistiques

Statistiques générales
  • Ce quiz a été pris 109 fois
  • Le résultat moyen est 2 sur 6
Statistiques - réponses
Hint Réponse % Correct
Donne une des 5 lettres du nom du sport collectif qui se pratique à 7 aux JO et à 15 dans le Top 14 RUGBY
100%
Donne une des 4 lettres de l'animal en anglais qui est le titre du film de 1994 en photo avec Jack Nicholson et Michelle Pfeiffer : _ _ _ _
WOLF
44%
Donne une des 3 lettres qui désigne l'enseignement ayant trait à la biologie, aux géosciences et aux sujets connexes SVT
36%
Donne une des 2 lettres du symbole du Sodium (élément chimique) NA (Na)
29%
Donne la lettre qui est à la fin de 4 des 11 communes les plus peuplées du Bas-Rhin (en 2022) M (schiltigheiM, ingolsheiM, bischheiM, hœnheimM)
9%
Donne la lettre qui est à la fin des noms des 2 villes les plus peuplées de Gironde après Bordeaux (en 2022) C (mérignaC et pessaC)
4%
Aucun quiz correspondant
Distribution des résultats
% des personnes avec chaque résultat
Percentile par nombre de réponses
Votre historique - résultats
Vous n’avez pas pris ce quiz